Τα σύνθετα της ελληνικής γλώσσης

Αποθηκεύτηκε σε:
Λεπτομέρειες βιβλιογραφικής εγγραφής
Κύριος συγγραφέας: Τσερέπης, Γεώργιος Ν.
Μορφή: Βιβλίο
Γλώσσα:Greek
Δημοσίευση: Αθήνα : Πελεκάνος, 1994
Σειρά:Βιβλιοθήκη Μαρασλή
Θέματα:
Ετικέτες: Προσθήκη ετικέτας
Δεν υπάρχουν, Καταχωρήστε ετικέτα πρώτοι!

MARC

LEADER 00000nam a2200000 i 4500
001 1/4448
008 960507s1994 gre d
020 |a 960-400-063-2 
035 |l 10015617 
040 |a GR-MY-UA  |b gre  |e aacr 
041 0 |a gre 
082 0 |a 489.3 
100 1 |a Τσερέπης, Γεώργιος Ν. 
245 1 3 |a Τα σύνθετα της ελληνικής γλώσσης /  |c υπό Γ. Ν. Τσερέπη 
260 |a Αθήνα :   |b Πελεκάνος,   |c 1994 
300 |a 957 σ. 
490 1 |a Βιβλιοθήκη Μαρασλή 
500 |a Φωτοτυπική ανατύπωση της α'έκδοσης 1902 
500 |a Πρώτη δημοσίευση: Εν Αθήναις: Τύποις Π.Δ. Σακελλαρίου, 1902 
650 0 0 |a Greek language  |x Grammar. 
830 0 |a Βιβλιοθήκη Μαρασλή 
852 |a INST  |b LESVOS  |e 19960507  |h 489.3 ΤΣΕ  |p 005100012525  |q 005100012525  |t REF  |y 23 
852 |a INST  |b RHODES  |e 20000525  |h 489.3 ΤΣΕ  |p 005400013294  |q 005400013294  |t BK  |y 0 
852 |a INST  |b RHODES  |e 20000525  |h 489.3 ΤΣΕ  |p 005400013295  |q 005400013295  |t BK  |y 0 
909 |a Λ  |b 043237 
909 |a Ρ  |b 052988 
909 |a Ρ  |b 052989 
922 |a 1ΕΛΗ  |b 199512  |c ΔΕΛΒΕΡΟΥΔΗ 
922 |a 4ΕΛΗ  |b 199801  |c ΚΠΣ/95  |d EMVASIS 
950 |a 140/1995-10-24